| 000 | 00570nam a22001937a 4500 | ||
|---|---|---|---|
| 005 | 20240517092453.0 | ||
| 008 | 240509b |||||||| |||| 00| 0 eng d | ||
| 020 | _a978-81-203-3409-0 | ||
| 082 |
_a005.1 _bRAJ-I |
||
| 100 | _aRajaraman;v | ||
| 245 |
_aIntroduction to Digital Computer Design/ _cV.Rajaraman |
||
| 250 | _a5th ed. | ||
| 260 |
_aNew Delhi; _bPrentice Hall of India PVT Ltd.; _c2008 |
||
| 300 |
_axi, 512 p.: _bill; _c23.4 cm. |
||
| 500 | _aInclude index. | ||
| 650 | _aComputer Science/Computer Programming | ||
| 700 | _aT.Radhakrishnan | ||
| 999 |
_c35728 _d35728 |
||